Mission MBA MAT management aptitude test (Record no. 13848)
[ view plain ]
| 000 -LEADER | |
|---|---|
| fixed length control field | 00294nam a22001217a 4500 |
| 020 ## - INTERNATIONAL STANDARD BOOK NUMBER | |
| ISBN | 9788183483400 |
| 082 ## - DEWEY DECIMAL CLASSIFICATION NUMBER | |
| Classification number | 371.271 SIJ/MI |
| 100 ## - MAIN ENTRY--AUTHOR NAME | |
| Personal name | Sijwali B S |
| 100 ## - MAIN ENTRY--AUTHOR NAME | |
| Personal name | Tarun Goyal |
| 245 ## - TITLE STATEMENT | |
| Title | Mission MBA MAT management aptitude test |
| 260 ## - PUBLICATION, DISTRIBUTION, ETC. (IMPRINT) | |
| Place of publication | New Delhi |
| Name of publisher | Arihant Publishers |
| 942 ## - ADDED ENTRY ELEMENTS (KOHA) | |
| Koha item type | Books |
| Withdrawn status | Lost status | Damaged status | Collection code | Home library | Current library | Shelving location | Date acquired | Source of acquisition | Cost, normal purchase price | Full call number | Accession Number | Koha item type |
|---|---|---|---|---|---|---|---|---|---|---|---|---|
| Reference | KAUAET | KAUAET | Reference | 31/03/2012 | Penta Books,Calicut | 550.00 | 371.271 SIJ/MI | 23486 | Books |
